MDQL
is popping MORE tags! Check the
thread
!
Quizzes
Events
Quiz Creation
Community
Videos
Private Events
Remove Ads
Sign In
Join for FREE
Feedback
Dark Mode
Quiz Categories
Sports
Geography
Music
Movies
Television
Just For Fun
Miscellaneous
History
Literature
Language
Science
Gaming
Entertainment
Religion
Holiday
For Kids
Quiz Lab
Recent
Popular Today
Quiz Kudos Today
Editor Picks
Curator Picks
Quizzes by...
Day
Popularity
Type
Ratings
Length
Year
Community
Subscriptions
Recent Discussions
Orange Saloon
Badges
Playlists
Quests
Create
Leaderboards
Showdown
Live 5
Trivia Bingo
Activity
Puzzle Library
Sporcle Events
Private Events
Virtual Trivia
Globe League
Become a Host
Pub Owners
SporcleCon
Opinionation
Our Games
Videos
Blog
Mobile Apps
Partnerships
Remove Ads and Go Orange
Feedback
Geography
Country
Landmarks
City
State
Population
World
Capital
Continent
Flags
Europe
Africa
Asia
South America
North America
Oceania
Border
Canada
United Kingdom
Topography
United States
Geography
Country
Landmarks
City
State
Population
World
Capital
Continent
Flags
Europe
Africa
Asia
South America
North America
Oceania
Border
Canada
United Kingdom
Topography
United States
Random Quiz
Search Sporcle
×
Quiz Lab
Quiz Lab
Geography
Cars
Type in answers that appear in a list
Type in answers that appear in a list
Classic
Best Score? Go Orange.
International Car Registration Plates Stats
Can you name the International Car Registration Plates?
By
localman
16m
200 Questions
274 Plays
274 Plays
274 Plays
Comments
Comments
Give Quiz Kudos
Give Quiz Kudos
-
- Ratings
hide this ad
Forced Order
Answers have to be entered in order
Answers have to be entered in order
Random Order
Randomize order of answers
Randomize order of answers
Replay
Link that replays current quiz
Next Quiz
Link to next quiz in quiz playlist
You Got
0%
They Got
Avg Score
34%
Avg Friend Score
Upgrade to see
Score Distribution
Jump to the score distribution portion of the page
Score
0/200
Timer
16:00
0
Plays Today
International Car Plate
Country
% Correct
AUS
Australia
57.3%
MEX
Mexico
56.6%
ENG
England
54.7%
F
France
54.7%
NZ
New Zealand
53.6%
SLO
Slovenia
52.9%
IRL
Ireland
52.6%
PAK
Pakistan
52.6%
FJI
Fiji
52.2%
AFG
Afghanistan
51.8%
IRQ
Iraq
51.8%
EST
Estonia
51.5%
KWT
Kuwait
51.5%
RUS
Russia
51.5%
BOL
Bolivia
51.1%
LAO
Laos
50.4%
SYR
Syria
50.4%
IND
India
50%
LV
Latvia
49.6%
NL
Netherlands
49.6%
D
Germany
49.3%
ANG
Angola
48.9%
GUY
Guyana
48.9%
NEP
Nepal
48.9%
SUD
Sudan
48.9%
ETH
Ethiopia
48.5%
Q
Qatar
48.5%
SCO
Scotland
48.5%
USA
United States of America
48.5%
AND
Andorra
48.2%
DK
Denmark
48.2%
LT
Lithuania
48.2%
NAM
Namibia
48.2%
UAE
United Arab Emirates
48.2%
DOM
Dominican Republic
47.4%
GB
Great Britain
47.4%
I
Italy
47.4%
RWA
Rwanda
47.4%
HK
Hong Kong
47.1%
B
Belgium
46.7%
CAM
Cameroon
46.7%
CY
Cyprus
46.7%
P
Portugal
46.7%
A
Austria
46.4%
SRB
Serbia
46.4%
CZ
Czech Republic
46%
H
Hungary
46%
PL
Poland
46%
CH
Switzerland
45.3%
RO
Romania
45.3%
DJI
Djibouti
44.9%
SK
Slovakia
44.9%
E
Spain
44.5%
OM
Oman
44.5%
ARU
Aruba
43.8%
J
Japan
43.4%
N
Norway
43.4%
NIC
Nicaragua
43.1%
TUV
Tuvalu
43.1%
GH
Ghana
42.3%
GR
Greece
42.3%
MGL
Mongolia
42.3%
NAU
Nauru
42.3%
BRU
Brunei
42%
JA
Jamaica
42%
KZ
Kazakhstan
42%
S
Sweden
42%
International Car Plate
Country
% Correct
AZ
Azerbaijan
41.6%
COM
Comoros
41.6%
GBJ
Jersey
41.6%
MYA
Myanmar
41.6%
AL
Albania
40.9%
IS
Iceland
40.9%
IL
Israel
40.1%
IR
Iran
40.1%
CDN
Canada
39.8%
EC
Ecuador
39.4%
KIR
Kiribati
39.1%
L
Luxembourg
39.1%
BHT
Bhutan
38.7%
BR
Brazil
38.7%
BG
Bulgaria
38.3%
GBG
Guernsey
38%
LB
Liberia
38%
PAL
Palau
38%
PNG
Papua New Guinea
38%
TJ
Tajikistan
38%
GBZ
Gibraltar
37.6%
GBM
Isle of Man
37.2%
KSA
Saudi Arabia
36.9%
MAL
Malaysia
36.9%
ER
Eritrea
36.5%
HR
Croatia
36.5%
MW
Malawi
36.5%
SGP
Singapore
36.1%
SO
Somalia
36.1%
TT
Trinidad and Tobago
35.4%
RSM
San Marino
35%
BZ
Belize
34.7%
CO
Colombia
34.7%
LS
Lesotho
34.7%
NI
Northern Ireland
34.7%
ROK
South Korea
34.7%
M
Malta
34.3%
BIH
Bosnia and Herzegovina
33.6%
GE
Georgia
33.6%
TR
Turkey
33.6%
BF
Burkina Faso
33.2%
BY
Belarus
32.8%
MC
Monaco
32.8%
AM
Armenia
32.5%
BU
Burundi
32.5%
EAK
Kenya
32.5%
PY
Paraguay
32.5%
SOL
Solomon Islands
32.5%
PE
Peru
32.1%
TO
Tonga
31.8%
GBA
Alderney
31.4%
MK
Macedonia
31.4%
PA
Panama
31.4%
T
Thailand
31.4%
BDS
Barbados
31%
MD
Moldova
31%
HN
Honduras
30.7%
CYM
Wales
30.3%
UA
Ukraine
30.3%
CGO
Democratic Republic of Congo
29.9%
MNE
Montenegro
29.9%
EAT
Tanzania
29.6%
G
Gabon
29.6%
K
Cambodia
29.6%
TCH
Chad
29.6%
DZ
Algeria
29.2%
BRN
Bahrain
28.8%
International Car Plate
Country
% Correct
SF
Finland
28.8%
C
Cuba
28.5%
CN
China
28.5%
EAU
Uganda
28.1%
GQ
Equatorial Guinea
28.1%
TN
Tunisia
28.1%
BD
Bangladesh
27.7%
CV
Cape Verde
27.4%
CR
Costa Rica
26.6%
HKJ
Jordan
25.9%
STP
Sao Tome and Principe
25.9%
SY
Seychelles
25.9%
ES
El Salvador
25.5%
MV
Maldives
25.5%
SN
Senegal
25.5%
FL
Liechtenstein
25.2%
RA
Argentina
25.2%
ET
Egypt
24.5%
BS
Bahamas
24.1%
RH
Haiti
24.1%
AG
Antigua and Barbuda
23.7%
FO
Faroe Islands
23.7%
MA
Morocco
23.7%
RCH
Chile
23.7%
RI
Indonesia
23.7%
FSM
Federated States of Micronesia
23.4%
KP
North Korea
23.4%
GW
Guinea-Bissau
23%
MOC
Mozambique
23%
RN
Niger
23%
RP
Philippines
23%
TM
Turkmenistan
23%
RL
Lebanon
22.6%
ROU
Uruguay
22.3%
SME
Suriname
22.3%
PR
Puerto Rico
21.9%
RKS
Kosovo
21.9%
TL
East Timor
21.5%
DY
Benin
20.8%
RMM
Mali
20.8%
CI
Cote d'Ivoire
20.4%
RT
Togo
20.4%
RG
Guinea
20.1%
SLE
Sierra Leone
20.1%
AK
Antarctica
19.7%
AX
Aland Islands
19.7%
CL
Sri Lanka
19.7%
MH
Marshall Islands
19.7%
AXA
Anguilla
19.3%
KS
Kyrgyzstan
19.3%
LAR
Libya
19%
KAN
St. Kitts and Nevis
18.6%
RIM
Mauritania
18.6%
RCA
Central African Republic
18.2%
SD
Swaziland
17.9%
MS
Mauritius
17.5%
RB
Botswana
17.5%
GCA
Guatemala
16.8%
RM
Madagascar
16.8%
NC
New Caledonia
16.4%
NA
Netherlands Antilles
16.1%
RC
Taiwan
15.7%
PS
Palestinian Territories
15.3%
KN
Greenland
13.5%
MO
Macau
13.1%
RCB
Republic of Congo
12.8%
Quiz Playlist
Details
Report
Send in Message
Add To Playlist
Classic:
Type in answers that appear in a list
Forced Order:
Answers have to be entered in order
Random Order:
Randomize order of answers
Last Updated: Feb 16, 2017
Quiz Scoreboard
CHALLENGE
Sign Up to Join the Scoreboard
Show All
Scores
Hide
Comments
May contain spoilers
Recently Published
1-10 Letter E Words III
by El_Dandy
Language
2m
Street Fighter Characters
by Artimus82
Gaming
60s
College Basketball Coaching Resumes
by pancakes188
Sports
9m
More to Explore
Quiz From the Vault
Featured Blog Post
Where Did the Easter Bunny Come From?
hide this ad
You Might Also Like...
Tags
Cars Quiz
Country Quiz
car
Car Registration
International
plate
registration
Today's Top Quizzes in Geography
Browse Geography
hide this ad
Today's Top Quizzes in Cars
Browse Cars
Top Contributed Quizzes in Geography
1
Countries of the World - No Outlines Minefield
2
Top 25 Cities of France on a map
3
Any capital of a 'B' country per Continent
4
Any capital of a 'C' country per Continent
5
Closest Countries to UK A-Z
6
Any capital of a 'D' country per Continent
7
5-to-1: US Geography No Hints
8
Any capital of an 'E' country per Continent
9
Find the US States - No Outlines
10
Any capital of an 'F' country per Continent
Explore More
Trending Topics
Disney
Kpop
NBA
Harry Potter
Crossword
Marvel
Anime
Song
Country
NFL
Pokémon
Puzzle
Soccer
The Office
WWE
hide this ad
More By:
localman
Quiz
Plays
Rating
Category
Featured
Created
International Car Registration Plates
274
1.00
Geography
Jan 3, 2010
International Car Registration Plates 2
56
2.00
Geography
Jan 3, 2010
Go to Creator's Profile
Score Distribution
Quiz Creator Spotlight
localman
Follow
Send a Message
Quizzes Created
-
Created Quiz Play Count
-
More By This Creator
Popular Quizzes Today
1
Find the US States - No Outlines Minefield
2
Find the Countries of Europe - No Outlines Minefield
3
The Countries of the World
4
Find the US States
5
Risky Map Clicking: Biggest States A-Z
6
US States
7
Popular People in 1961
8
Movies - When Are They Set?
More Geography Quizzes
Match 'Em Up Blitz - Geography
Published
Trending Quizzes
Risky Map Clicking: Least Populous States A-Z
USA Borders Longest to Shortest
1-10 Letter G Words
1-10 Letter F Words
Countries of the World: 200 Million BC
Recently Updated
Leaping Animals
pecheneg
Reality TV Shows (A-Z)
bhenderson79
Rickey Henderson's Hall of Fame Teammates
pecheneg
Champions League XIs: Arsenal
pecheneg
Quick Pick: Celebrities in WWE's Hall of Fame
aduchscher
A-Z Keypad Blitz II
pecheneg
Multiple Oscar Actors
pecheneg
Mystery Phrase Blitz: Oscar 'Best Actors'
pecheneg
F. Scott Fitzgerald Novels
LTH
Pick 3 Villains
ddd62291
Trending Topics
Anime
Kpop
Crossword
Disney
NBA
Harry Potter
Marvel
The Office
WWE
Pokémon
Puzzle
NFL
Song
Soccer
Country
Your Account Isn't Verified!
In order to create a playlist on Sporcle, you need to verify the email address you used during registration. Go to your
Sporcle Settings
to finish the process.
Report this User
Report this user for behavior that violates our
Community Guidelines
.
Details:
Send Report
Go to the Sporcle.com Mobile Site →
Comments